000 00389nam a2200097Ia 4500
008 180130s9999 xx 000 0 und d
245 _cRedd, J.B., PhD; Schmidt, D., PhD
_aUsing mobile devices and gaming as a means of building vocabulary
260 _c2016
300 _aBook title: Recent developments in mobile technology--Acession number C20742; pages 9 - 17
650 _aMOBILE TECHNOLOGY
999 _c353756
_d353756